Quality, Reliability, Security and Robustness in Heterogeneous Networks 7th International Conference on Heterogeneous Networking for Quality, Reliability, Security and Robustness, QShine 2010, and Dedicated Short Range Communications Workshop, DSRC 2010, Houston, TX, USA, November 17-19, 2010, Revised Selected Papers /

This book constitutes the thoroughly refereed post-conference proceedings of the 7th International Conference on Heterogeneous Networking for Quality, Reliability, Security and Robustness, QShine 2010. The 37 revised full papers presented along with 7 papers from the allocated Dedicated Short Range...

Πλήρης περιγραφή

Λεπτομέρειες βιβλιογραφικής εγγραφής
Συγγραφή απο Οργανισμό/Αρχή: SpringerLink (Online service)
Άλλοι συγγραφείς: Zhang, Xi (Επιμελητής έκδοσης), Qiao, Daji (Επιμελητής έκδοσης)
Μορφή: Ηλεκτρονική πηγή Ηλ. βιβλίο
Γλώσσα:English
Έκδοση: Berlin, Heidelberg : Springer Berlin Heidelberg : Imprint: Springer, 2012.
Σειρά:Lecture Notes of the Institute for Computer Sciences, Social Informatics and Telecommunications Engineering, 74
Θέματα:
Διαθέσιμο Online:Full Text via HEAL-Link
LEADER 03142nam a22005415i 4500
001 978-3-642-29222-4
003 DE-He213
005 20161208071903.0
007 cr nn 008mamaa
008 120421s2012 gw | s |||| 0|eng d
020 |a 9783642292224  |9 978-3-642-29222-4 
024 7 |a 10.1007/978-3-642-29222-4  |2 doi 
040 |d GrThAP 
050 4 |a TK5105.5-5105.9 
072 7 |a UKN  |2 bicssc 
072 7 |a COM075000  |2 bisacsh 
082 0 4 |a 004.6  |2 23 
245 1 0 |a Quality, Reliability, Security and Robustness in Heterogeneous Networks  |h [electronic resource] :  |b 7th International Conference on Heterogeneous Networking for Quality, Reliability, Security and Robustness, QShine 2010, and Dedicated Short Range Communications Workshop, DSRC 2010, Houston, TX, USA, November 17-19, 2010, Revised Selected Papers /  |c edited by Xi Zhang, Daji Qiao. 
264 1 |a Berlin, Heidelberg :  |b Springer Berlin Heidelberg :  |b Imprint: Springer,  |c 2012. 
300 |a XVI, 636 p.  |b online resource. 
336 |a text  |b txt  |2 rdacontent 
337 |a computer  |b c  |2 rdamedia 
338 |a online resource  |b cr  |2 rdacarrier 
347 |a text file  |b PDF  |2 rda 
490 1 |a Lecture Notes of the Institute for Computer Sciences, Social Informatics and Telecommunications Engineering,  |x 1867-8211 ;  |v 74 
520 |a This book constitutes the thoroughly refereed post-conference proceedings of the 7th International Conference on Heterogeneous Networking for Quality, Reliability, Security and Robustness, QShine 2010. The 37 revised full papers presented along with 7 papers from the allocated Dedicated Short Range Communications Workshop, DSRC 2010, were carefully selected from numerous submissions. Conference papers are organized into 9 technical sessions, covering the topics of cognitive radio networks, security, resource allocation, wireless protocols and algorithms, advanced networking systems, sensor networks, scheduling and optimization, routing protocols, multimedia and stream processing. Workshop papers are organized into two sessions: DSRC networks and DSRC security. 
650 0 |a Computer science. 
650 0 |a Computer communication systems. 
650 0 |a Computer system failures. 
650 0 |a Software engineering. 
650 0 |a Algorithms. 
650 0 |a Information storage and retrieval. 
650 1 4 |a Computer Science. 
650 2 4 |a Computer Communication Networks. 
650 2 4 |a Information Systems Applications (incl. Internet). 
650 2 4 |a Software Engineering. 
650 2 4 |a Algorithm Analysis and Problem Complexity. 
650 2 4 |a System Performance and Evaluation. 
650 2 4 |a Information Storage and Retrieval. 
700 1 |a Zhang, Xi.  |e editor. 
700 1 |a Qiao, Daji.  |e editor. 
710 2 |a SpringerLink (Online service) 
773 0 |t Springer eBooks 
776 0 8 |i Printed edition:  |z 9783642292217 
830 0 |a Lecture Notes of the Institute for Computer Sciences, Social Informatics and Telecommunications Engineering,  |x 1867-8211 ;  |v 74 
856 4 0 |u http://dx.doi.org/10.1007/978-3-642-29222-4  |z Full Text via HEAL-Link 
912 |a ZDB-2-SCS 
950 |a Computer Science (Springer-11645)